Quizzes
Events
Quiz Creation
Community
Videos
Private Events
Remove Ads
Sign In
Join for FREE
Feedback
Dark Mode
Quiz Categories
Sports
Geography
Music
Movies
Television
Just For Fun
Miscellaneous
History
Literature
Language
Science
Gaming
Entertainment
Religion
Holiday
For Kids
Quiz Lab
Recent
Popular Today
Quiz Kudos Today
Editor Picks
Curator Picks
Quizzes by...
Day
Popularity
Type
Ratings
Length
Year
Community
Subscriptions
Recent Discussions
Orange Saloon
Badges
Playlists
Quests
Create
Leaderboards
Showdown
Live 5
Trivia Bingo
Activity
Puzzle Library
Sporcle Events
Private Events
Virtual Trivia
Globe League
Become a Host
Pub Owners
SporcleCon
Opinionation
Our Games
Videos
Blog
Mobile Apps
Partnerships
Remove Ads and Go Orange
Feedback
Movies
Disney
Marvel Cinematic Universe
Movie Resume
Movie Titles
Oscar
Actor
Actress
Director
Pixar
Role
Movie Quotes
Movie Characters
Box Office
Nominee
Best Picture
Star Wars
James Bond
Horror Movies
Movies
Disney
Marvel Cinematic Universe
Movie Resume
Movie Titles
Oscar
Actor
Actress
Director
Pixar
Role
Movie Quotes
Movie Characters
Box Office
Nominee
Best Picture
Star Wars
James Bond
Horror Movies
Random Quiz
Search Sporcle
×
Quiz Lab
Quiz Lab
Movies
Oscar
Select answers by clicking on text or image buttons
Select answers by clicking on text or image buttons
Clickable
Best Score? Go Orange.
Clickable Characters: 2010s Best Actress Nominations Stats
Can you pick the characters that gave these actress Oscar nominations?
By
DanTravers
13m
40 Questions
158 Plays
158 Plays
158 Plays
Comments
Comments
Give Quiz Kudos
Give Quiz Kudos
-
- Ratings
hide this ad
Forced Order
Answers have to be entered in order
Answers have to be entered in order
Replay
Link that replays current quiz
Next Quiz
Link to next quiz in quiz playlist
You Got
0%
They Got
Avg Score
66%
Avg Friend Score
Upgrade to see
Score Distribution
Jump to the score distribution portion of the page
Score
0/40
Timer
13:00
0
Plays Today
% Correct
Margaret Thatcher
98.1%
Marilyn Monroe
98.1%
Jacqueline Kennedy
97.5%
Alice Daly-Howland
96.8%
Florence Foster Jenkins
96.8%
Tonya Harding
96.1%
Philomena Lee
95.6%
Carol Aird
95.6%
Albert Nobbs
94.3%
Jane Wild-Hawking
94.3%
Christine 'Lady Bird' McPherson
93.5%
Lisbeth Salander
93%
Nina Sayers
84.2%
Jeanette 'Jamine' Francis
83.5%
Mildred Loving
82.9%
Joy Mangano
82.3%
Katharine Graham
80.5%
Tiffany Maxwell
79.7%
Amy Elliott-Dunne
79.7%
Hushpuppy
75.3%
% Correct
Mia Dolan
74%
Ryan Stone
73.4%
Cheryl Strayed
72.2%
Mildred Hayes
68.8%
Aibileen Clark
65.8%
Sydney Prosser- Lady Edith Greensly
59.5%
Ree Dolly
57.6%
Maya
57.6%
Anne Laurent
56.3%
Joy Newsome
56.3%
Violet Weston
55.7%
Elisa Esposito
54.5%
Eilis Lacey
51.3%
Michele LeBlanc
45.6%
Nicole Allgood
36.1%
Becca Corbett
36.1%
Maria Bennett
36.1%
Sandra Bya
36.1%
Cindy Heller
34.8%
Kate Mercer
34.8%
Quiz Playlist
Details
Report
Send in Message
Add To Playlist
Clickable:
Select answers by clicking on text or image buttons
Forced Order:
Answers have to be entered in order
Last Updated: Feb 16, 2017
Quiz Scoreboard
CHALLENGE
Sign Up to Join the Scoreboard
Show All
Scores
Hide
Comments
May contain spoilers
Recently Published
One Thing in Common: World Cities II
by knightlancer
Geography
7m
Popular People in 1961
by mucciniale
History
6m
1-10 Letter E Words III
by El_Dandy
Language
2m
More to Explore
Quiz From the Vault
Featured Blog Post
Where Did the Easter Bunny Come From?
hide this ad
You Might Also Like...
Tags
Oscar Quiz
Best Actress
Oscar Nominated
Today's Top Quizzes in Movies
Browse Movies
hide this ad
Today's Top Quizzes in Oscar
Browse Oscar
Top Contributed Quizzes in Movies
1
Multi-Oscar Nominations, One Movie, One Winner
2
12 Movies about Fictional 1960s Events
3
One Thing in Common: Movies
4
Three Word 'T' Movies Match Up
5
Sunday Crossword: Film Score Composers
6
One Thing in Common: Movies II
7
Three Word 'H' Movies Match Up
8
Three Word 'M' Movies Match Up
9
One Thing in Common: Oscars
10
Three Word 'P' Movies Match Up
Explore More
Trending Topics
Harry Potter
Anime
Crossword
Disney
NBA
Marvel
Kpop
NFL
WWE
Pokémon
Country
Puzzle
The Office
Song
Soccer
hide this ad
More By:
DanTravers
Quiz
Plays
Rating
Category
Featured
Created
NBC Sitcom Last Name Extravaganza!
17,194
4.45
Television
Oct 18, 2017
Every Oscar Winning Actor EVER
8,717
4.13
Movies
May 11, 2011
Emmy - Drama Supporting Actor
7,644
4.47
Television
Sep 14, 2010
The Academy Awards: Volume 7
4,276
4.64
Movies
Feb 4, 2010
The Academy Awards: Volume 6
3,975
4.67
Movies
Feb 4, 2010
Go to Creator's Profile
Score Distribution
Quiz Creator Spotlight
DanTravers
Follow
Send a Message
Quizzes Created
-
Created Quiz Play Count
-
More By This Creator
Popular Quizzes Today
1
Find the US States - No Outlines Minefield
2
The Countries of the World
3
Find the Countries of Europe - No Outlines Minefield
4
Popular People in 1961
5
1-10 Letter E Words III
6
Find the US States
7
One Thing in Common: World Cities II
8
US States
More Movies Quizzes
50 Flicks to Click (1986)
Published
Trending Quizzes
Risky Map Clicking: Least Populous States A-Z
1-10 Letter F Words
1-10 Letter G Words
One Thing in Common: United Kingdom
Risky Map Clicking: Next State Alphabetically
Recently Updated
Leaping Animals
pecheneg
Reality TV Shows (A-Z)
bhenderson79
Rickey Henderson's Hall of Fame Teammates
pecheneg
Champions League XIs: Arsenal
pecheneg
Quick Pick: Celebrities in WWE's Hall of Fame
aduchscher
A-Z Keypad Blitz II
pecheneg
Multiple Oscar Actors
pecheneg
Mystery Phrase Blitz: Oscar 'Best Actors'
pecheneg
F. Scott Fitzgerald Novels
LTH
Pick 3 Villains
ddd62291
Trending Topics
Crossword
Kpop
Anime
NBA
Harry Potter
Disney
Marvel
WWE
Puzzle
Pokémon
The Office
Soccer
NFL
Song
Country
Your Account Isn't Verified!
In order to create a playlist on Sporcle, you need to verify the email address you used during registration. Go to your
Sporcle Settings
to finish the process.
Report this User
Report this user for behavior that violates our
Community Guidelines
.
Details:
Send Report
Go to the Sporcle.com Mobile Site →
Comments